Statistics for Biological Classifications

Click here to take the quiz!

General Stats

  • This quiz has been taken 134 times
  • The average score is 7 of 9

Answer Stats

HintAnswer% Correct
9Species
96%
3Kingdom
94%
8Genus
93%
4Phylum/Division
88%
7Family
86%
5Class
83%
6Order
83%
2Domain
54%
1Life
25%

Score Distribution

Percentile by Number Answered

Percent of People with Each Score

Your Score History

You have not taken this quiz